Formulation, optimization and evaluation of taste masked medicated chewing gum(S) (Record no. 393551)

MARC details
000 -LEADER
fixed length control field 00513nam a2200169 4500
005 - DATE & TIME
control field 20250926112355.0
008 - FIXED-LENGTH DATA ELEMENTS--GENERAL INFORMATION
fixed length control field 250926b |||||||| |||| 00| 0 eng d
040 ## - CATALOGING SOURCE
Original cataloging agency VIVEKANANDA LIBRARY
082 ## - DDC NUMBER
Classification number 615.1
Book Number K167F
100 ## - MAIN ENTRY--PERSONAL NAME
Personal name Kaushik, Prerna
245 ## - TITLE STATEMENT
Title Formulation, optimization and evaluation of taste masked medicated chewing gum(S)
260 ## - PUBLICATION, DISTRIBUTION, ETC. (IMPRINT)
Name of publisher, distributor, etc Department of Pharmaceutical Sciences, M D University, Rohtak
Date of publication, distribution, etc 2024
300 ## - PHYSICAL DESCRIPTION
Pages 167
650 ## - Subject
Subject Pharmaceutical Science
700 ## - Added Entry Personal Name
Added Entry Personal Name Kaushik, Deepak
942 ## - ADDED ENTRY ELEMENTS (KOHA)
Koha item type Thesis
Holdings
Withdrawn status Lost status Source of classification or shelving scheme Damaged status Not for loan Location (home branch) Sublocation or collection (holding branch) Shelving location Date acquired Koha issues (times borrowed) Koha full call number Accession No. Koha date last seen Copy number Koha item type
    Dewey Decimal Classification     VIVEKANANDA LIBRARY VIVEKANANDA LIBRARY Vivekananda Library 26/09/2025   615.1 K167F 411188 26/09/2025 R Thesis
© Designed and Maintained by Vivekananda Library, MDU Rohtak